Kraje, w których morze zamarza - Statystyki

Ogólne statystyki
  • Ten quiz został rozwiązany 241 razy
  • Średni wynik to 14 z 16
Statystyki odpowiedzi
Kraj % Poprawnych
Norwegia
97%
Rosja
97%
Szwecja
96%
Grenlandia | Dania
95%
Finlandia
94%
Kanada
94%
Stany Zjednoczone
94%
Polska
92%
Łotwa
90%
Estonia
89%
Litwa
89%
Niemcy
88%
Japonia
86%
Chiny
77%
Korea Północna
70%
Ukraina
43%
Nie znaleziono quizów pasujących do podanych kryteriów
Rozkład punktacji
Procent ludzi z każdym wynikiem
Percentyl według liczby udzielonych odpowiedzi
Twoja historia wyników
Nie rozwiązałeś tego quizu